[Event "Brno /Olexa/"]
[Site "?"]
[Date "2012.12.30"]
[Round "7"]
[White "Bartosova, Veronika"]
[Black "Koci, Tereza"]
[Result "0-1"]
[WhiteElo "1376"]
[BlackElo "1336"]
[PlyCount "80"]
[EventDate "2012.??.??"]

1. e4 c5 2. Nc3 e6 3. Nf3 Qc7 4. Bb5 a6 5. Be2 Ne7 6. d4 cxd4 7. Nxd4 Ng6 8.
O-O Be7 9. f4 O-O 10. f5 Ne5 11. Bf4 Bc5 12. Kh1 Nbc6 13. Nxc6 bxc6 14. Rf3 d5
15. exd5 cxd5 16. Bg3 Bb7 17. Bd3 Bd6 18. Rf1 Nxd3 19. Qxd3 Bxg3 20. hxg3 a5
21. Rf2 Qc5 22. Qd2 d4 23. Na4 Qb4 24. Qxb4 axb4 25. Nc5 Bd5 26. f6 g6 27. b3
Rfc8 28. Nd7 Ra6 29. Ne5 Be4 30. Nc4 Bf5 31. Kh2 Rc5 32. a3 bxa3 33. Rxa3 Rxa3
34. Nxa3 e5 35. b4 Rc3 36. Nb5 Rxc2 37. Rf1 Bd3 38. Ra1 Rc8 39. Nd6 Rd8 40. b5
h5 0-1